| 000 | 00604nam a2200193Ia 4500 | ||
|---|---|---|---|
| 003 | GCL | ||
| 008 | 140319s9999 xx 000 0 ara d | ||
| 040 |
_aGCL / _cGCL |
||
| 082 | 0 | 4 |
_a812.9 _bع ح |
| 100 | 1 | _aعبدالرحمن الشرقاوى | |
| 245 | 1 | 0 |
_aالحسين ثائرا / _cعبدالرحمن الشرقاوى |
| 260 |
_a[S.N] : _bروز اليوسف ، _c1983 |
||
| 300 | _a172 ص | ||
| 490 |
_aالكتاب الذهبى _v0 |
||
| 650 | 0 | 4 | _aالحسين بن على |
| 650 | 0 | 4 | _aالمسرحيات العربية |
| 650 | 0 | 4 | _aعبدالرحمن الشرقاوى |
| 942 |
_2ddc _cBK |
||
| 999 |
_c29676 _d29676 |
||